Stati per Indice globale del terrorismo - Statistics

Statistiche generali
  • Questo quiz è stato fatto 11 volte
  • Il punteggio medio è 6 su 10
Statistiche sulle risposte
Indice globale del terrorismo (punteggio) Continente Nazione % Corretto
7,916 Asia Pakistan
86%
7,274 Africa Niger
71%
7,575 Africa Nigeria
71%
7,890 Asia Siria
71%
7,814 Africa Somalia
71%
8,571 Africa Burkina Faso
57%
8,143 Asia Israele
57%
7,998 Africa Mali
57%
7,825 Asia Afganistan
14%
7,536 Asia Myanmar
14%
Nessun quiz corrispondente trovato
Distribuzione punteggi
Percentuale di utenti per punteggio
Percentile per numero di risposta
I tuoi punteggi nel tempo
Non hai fatto questo quiz